00375nam a2200133 a 450000500170000000800410001702000180005805000210007610000220009724500470011926000420016630000210020865000120022920140310183208.0030207s19uu xx 00 eng d a9780733508240 aPZ 7b.L853 1997 aLongford, Lindsay aRenegade's Redemption /cLindsay Longford. aAustralia :bSilhouette books,c1997. a250 p. :c18 cm. aFiction